00450nam a22001457a 4500008004100000040001800041041000800059100003600067245005700103260004700160300001700207500003700224650002300261650002000284130821s1895 enk gr eng  aCo-BoUCMbspa00aeng aShakespeare, WilliamD1564-161600aShakespeare's tragedy of HamletcWilliam Shakespeare aLondres (Inglaterra)bJ.M. Dent Sonsc1895 a216páginas aIncluye notas al final del texto04aLiteratura inglesa04aTeatro inglés